| 000 | 00596nam a2200169 i 4500 | ||
|---|---|---|---|
| 001 | 63501 | ||
| 003 | ES-MaACL | ||
| 005 | 20230906164905.0 | ||
| 007 | t| | ||
| 008 | 031211s1976 sp ||||1| spa d | ||
| 100 | 1 |
_aFerreras, Juan Ignacio. _950525 |
|
| 245 | 1 | 0 |
_aEstudios sobre la novela española del siglo XIX _b: . El triunfo del liberalismo y de la novela histórica : (1830-1870) / _cJuan Ignacio Ferreras. |
| 260 |
_a[Madrid] : _bTaurus, _c[1976] |
||
| 300 |
_a233 p. ; _c21 cm. |
||
| 740 | 3 | _aEl triunfo del liberalismo y de la novela histórica. | |
| 852 |
_aES-MaACL _jA-6566 _bR.95796 |
||
| 999 |
_c63501 _d63501 |
||